00679nam a2200193Ia 4500001002200000003000900022008004100031040002300072041001300095100001800108245005700126250001200183260002800195300001900223490003500242500001400277501012400291520007000415262.24-VIT co (11839)IT-MiSPE171229s9999||||xx |||||||||||||| ||und|| aIT-MiSPEcIT-MiSPE aITALIANO aJoseph Aubry  0aVita consacratabUn dono del Signore alla sua Chiesa a2 rist. aLeumann (TO)bLDCc1993 a407 p. c21 cm aSussidi per la vita consacrata aReligiosi aEdizioni San Paolo srl - Piazza Soncino, 5 - 20092 CINISELLO BALSAMO (MI) (non commercial uses only) ® Copyright 2018 aCommissione Mista Vescovi - Religiosi Istituti Secolari della CEI